000 00467 a2200157 4500
999 _c7175
_d7175
020 _a9780324594331
050 _aHD 30.215 KEL 2009
100 _aKeller, Gerald
_eauthor
245 _aManagerial statistics :
_babbreviated /
_cGerald Keller
250 _a8th
264 _aBelmont:
_bSouth Western Cengage Learning,
_c2009.
300 _a714p. :
500 _aIncludes index
650 _aManagement
_xStatistical methods
942 _2lcc
_cBK
_e8th ed.
_h30.215
_iKEL
_k2009